000 00745nam a22002057a 4500
999 _c11466
_d11466
003 AR-CdUCM
008 190404b ||||| |||| 00| 0 spa d
040 _aMUNICIPALIDAD PROVINCIAL DEL CUSCO
_cBIBLIOTECA MUNICIPAL DEL CUSCO
082 _a869.33 /
_bS29L / 1945
100 _aSchnake Contreras, Jorge
_928842
245 _aLámparas azules :
_bpoesías, 1942-1945 /
260 _aSantiago de Chile :
_bImpr. Nascimento,
_c1945.
300 _a96 páginas ;
_c19 cm.
500 _aDedicatoria
505 _aContenido: Danza negra -- Segunda danza negra -- La niña que vende flores -- Sinfonía a tres colores -- Niña en el agua ...
650 _aPoesías chilenas
_92361
650 _aSiglo XX.
_98
942 _2ddc
_cLIBROS
945 _aacv